00419nam a2200181Ia 4500008004100000020001800041245001900059245001800078260001500096260001600111260000900127300001400136300002500150300001000175440002500185500000800210999001900218170705s9999 xx 000 0 und d a9780439733229 aSam and Jack / cSloan Culver. aNew York : bScholastic, c2006 a7 pages : bcolor illustration ; c23cm. aScholastic FX books. a100 c335340d335340